000 00431nam a2200145Ia 4500
008 100122s9999 xx 000 0 und d
082 _b29967
_a823
100 _aमुसळे गोविंद
245 _aउंच माणसे
260 _bश्री विशाखा प्रकाशन
_c1905
300 _a196
630 _aउंच माणसे
730 _aउंच माणसे
942 _cBOOK
999 _c415024
_d415021